000 02544nam0a2200385 4500
001 RU\NLR\BIBL_A\012570639
005 20210923093655.0
010 _a978-5-398-02411-1
_930
021 _aRU
_bКН-П-21-019314
_9КН-П-21-1494
035 _a(NLR Aleph) 012570639
090 _a12490032
_c12490032
100 _a20210727d2020 u y0rusy50 ca
101 0 _arus
102 _aRU
105 _aa|||z|||000zy
181 0 _ai3
_baxxe
182 0 _an
200 1 _aПрименение антропометрии в самостоятельной работе студентов специального медицинского отделения
_eметодические указания
_fМинистерство науки и высшего образования Российской Федерации, Федеральное государственное бюджетное образовательное учреждение высшего образования "Пермский национальный исследовательский политехнический университет", Кафедра физической культуры
_gсоставители: Н.Л. Пономарев [и др.]
203 _aТекст
_bвизуальный
_cнепосредственный
210 _aПермь
_cИзд-во Пермского национального исследовательского политехнического университета
_d2020
215 _a28 с.
_cил.
_d21
320 _aБиблиогр.: с. 27 (4 назв.)
606 1 _aКлиническая антропометрия
_jМетодические пособия
_92551440
_3RU\NLR\AUTH\661509739
606 1 _aСтуденты
_jМетодические пособия
_xФизическое развитие
_xОценка
_91710000
_3RU\NLR\AUTH\661059689
686 1 _aР343.2я8
686 1 _aР124.61я8
702 1 _4220
_aПономарёв
_bН. Л.
_cканд. пед. наук, физ. воспитание
_gНиколай Леонидович
_9234301
_3RU\NLR\AUTH\770234357
712 0 2 _4570
_aПермский национальный исследовательский политехнический университет
_bКафедра физической культуры
_9733090
_3RU\NLR\AUTH\880535252
942 _cBOOK
980 _aNBR
980 _aNB